| 000 | 00712nam a2200205 i 4500 | ||
|---|---|---|---|
| 001 | 43043 | ||
| 003 | ES-MaACL | ||
| 005 | 20250603171453.0 | ||
| 007 | t| | ||
| 008 | 030314s1969 sp |||| | cat d | ||
| 245 | 0 | 3 |
_aEl cens del comte de Floridablanca _b: 1787 (Part de Catalunya) / _cintroducció, edició i index per Josep Iglésies. |
| 260 |
_aBarcelona : _bFundació Salvador Vives Casajuana, _c1969. |
||
| 300 |
_a1 v. ; _c24 cm. |
||
| 500 | _aEs el v I., faltan p. 337-338, 342-343, 346-347, 350-351. | ||
| 651 | 7 |
_aEspaña- _xCensos _2 _9155755 |
|
| 700 | 1 |
_aIglésies, Josep. _965146 |
|
| 710 | 2 |
_aFundación Salvador Vives Casajuana. _94411 |
|
| 852 |
_aES-MaACL _jP-1614 |
||
| 999 |
_c43043 _d43043 |
||